Normal view
MARC view
- Nayab, Iqra
Entry Personal Name
001 - CONTROL NUMBER
- control field: 131105
003 - CONTROL NUMBER IDENTIFIER
- control field: NUST
005 - DATE AND TIME OF LATEST TRANSACTION
- control field: 20251013133753.0
008 - FIXED-LENGTH DATA ELEMENTS
- fixed length control field: 251013|| aca||aabn | a|a d
040 ## - CATALOGING SOURCE
- Original cataloging agency: NUST
- Transcribing agency: NUST
100 ## - HEADING--PERSONAL NAME
- Personal name: Nayab, Iqra
670 ## - SOURCE DATA FOUND
- Source citation: Work cat.: (NUST): Nayab, Iqra , The impact of Career Sustainability, and Transactive Memory System on Knowledge Sharing: The moderating effect of Social Networks/
